[Event "HUN-chT2 Breyer 0809"]
[Site "Hungary"]
[Date "2009.04.19"]
[Round "11"]
[White "Malatinszky, Csaba"]
[Black "Kormos, Andras"]
[Result "0-1"]
[WhiteElo "1932"]
[BlackElo "2143"]
[PlyCount "68"]
[EventDate "2008.10.26"]
[EventType "team-tourn"]
[EventRounds "11"]
[EventCountry "HUN"]
[SourceTitle "EXT 2010"]
[Source "ChessBase"]
[SourceDate "2010.11.25"]
[SourceVersion "1"]
[SourceVersionDate "2010.11.25"]
[SourceQuality "1"]
[WhiteTeam "Esztergom"]
[BlackTeam "BEAC II"]
[WhiteTeamCountry "HUN"]
[BlackTeamCountry "HUN"]

1. d4 g6 2. c4 Bg7 3. Nc3 d6 4. Nf3 Bg4 5. e3 Nf6 6. Be2 0-0 7. 0-0 d5 8. cxd5 Nxd5 9. Bd2 Nb6 10. Rc1 N8d7 11. Ne4 c6 12. Bc3 Nd5 13. h3 Bf5 14. Ng3 Be6 15. b3 Nxc3 16. Rxc3 Nf6 17. Ng5 Bd7 18. Bc4 Qa5 19. N5e4 Nxe4 20. Nxe4 Bf5 21. Bd3 Qxa2 22. Nc5 Bc8 23. Rc1 Qa5 24. Qc2 e5 25. dxe5 Bxe5 26. Ne4 Qc7 27. Rfd1 Qe7 28. Qc5 Qxc5 29. Rxc5 Re8 30. f4 Bg7 31. Kf2 Be6 32. Nd6 Re7 33. Bc2 Rd7 34. Ke2 Bf8 0-1

[Event "HUN-chT2 Breyer 0809"]
[Site "Hungary"]
[Date "2009.02.08"]
[Round "7"]
[White "Zalan, Janos"]
[Black "Malatinszky, Csaba"]
[Result "1/2-1/2"]
[WhiteElo "2025"]
[BlackElo "1932"]
[PlyCount "36"]
[EventDate "2008.10.26"]
[EventType "team-tourn"]
[EventRounds "11"]
[EventCountry "HUN"]
[SourceTitle "EXT 2010"]
[Source "ChessBase"]
[SourceDate "2010.11.25"]
[SourceVersion "1"]
[SourceVersionDate "2010.11.25"]
[SourceQuality "1"]
[WhiteTeam "Gyor Komszomol"]
[BlackTeam "Esztergom"]
[WhiteTeamCountry "HUN"]
[BlackTeamCountry "HUN"]

1. e4 c5 2. Nf3 Nc6 3. d4 cxd4 4. Nxd4 d6 5. Nc3 Bd7 6. Be3 g6 7. Qd2 Bg7 8. f3 Nf6 9. 0-0-0 a6 10. Bh6 Bxh6 11. Qxh6 Nxd4 12. Rxd4 Qb6 13. Rd1 Be6 14. Nd5 Bxd5 15. exd5 Rc8 16. Kb1 Qf2 17. Qd2 Qxd2 18. Rxd2 Rc5 1/2-1/2

[Event "Nyiregyhaza op"]
[Site "Nyiregyhaza"]
[Date "2005.07.11"]
[Round "3"]
[White "Malatinszky, Csaba"]
[Black "Kanyadi, Zoltan"]
[Result "1/2-1/2"]
[WhiteElo "1989"]
[BlackElo "2130"]
[PlyCount "55"]
[EventDate "2005.07.09"]
[EventType "swiss"]
[EventRounds "9"]
[EventCountry "HUN"]
[SourceTitle "EXT 2008"]
[Source "ChessBase"]
[SourceDate "2007.11.25"]
[SourceVersion "1"]
[SourceVersionDate "2007.11.25"]
[SourceQuality "1"]

1. d4 Nf6 2. c4 g6 3. Nc3 d5 4. Nf3 Bg7 5. Bg5 Ne4 6. cxd5 Nxg5 7. Nxg5 e6 8. Nf3 exd5 9. e3 0-0 10. Be2 c6 11. 0-0 Nd7 12. b4 Nf6 13. Qb3 Ne4 14. Nxe4 dxe4 15. Nd2 Qe7 16. a4 a5 17. bxa5 Rxa5 18. Rab1 h5 19. Qb4 Qxb4 20. Rxb4 f5 21. Nc4 Ra7 22. Nd6 Rd8 23. Bc4+ Kf8 24. Nxc8 Rxc8 25. Rfb1 Rc7 26. g3 Bf6 27. Bb3 Be7 28. Rb6 1/2-1/2

[Event "Harkany Tenkes Cup 28th"]
[Site "Harkany"]
[Date "2004.11.29"]
[Round "5"]
[White "Szurovszky, Elek"]
[Black "Malatinszky, Csaba"]
[Result "1-0"]
[WhiteElo "2137"]
[BlackElo "2012"]
[PlyCount "67"]
[EventDate "2004.11.25"]
[EventType "swiss"]
[EventRounds "9"]
[EventCountry "HUN"]
[SourceTitle "EXT 2008"]
[Source "ChessBase"]
[SourceDate "2007.11.25"]
[SourceVersion "1"]
[SourceVersionDate "2007.11.25"]
[SourceQuality "1"]

1. e4 c5 2. Nf3 Nc6 3. d4 cxd4 4. Nxd4 d6 5. c4 Nf6 6. Nc3 g6 7. Be2 Bg7 8. Be3 Bd7 9. 0-0 0-0 10. f3 a6 11. Qd2 Rc8 12. b3 Ne8 13. Rad1 Nxd4 14. Bxd4 Bc6 15. Be3 Qa5 16. Nd5 Qd8 17. Nb6 Rb8 18. c5 Qc7 19. Qb4 Rd8 20. cxd6 Nxd6 21. Nd5 Qd7 22. Bb6 Rde8 23. Nxe7+ Rxe7 24. Qxd6 Qxd6 25. Rxd6 Be5 26. Rdd1 Rc8 27. Rc1 Rd7 28. Rfd1 Rxd1+ 29. Rxd1 Kf8 30. g3 Ke8 31. Kf2 Bd7 32. Bc4 Rc6 33. Be3 b5 34. Bxf7+ 1-0

[Event "Budapest FS07 op"]
[Site "Budapest"]
[Date "1999.??.??"]
[Round "1"]
[White "Salamon, Ferenc"]
[Black "Malatinszky, Csaba"]
[Result "1-0"]
[WhiteElo "2065"]
[BlackElo "2000"]
[PlyCount "90"]
[EventDate "1999.07.??"]
[EventType "swiss"]
[EventRounds "9"]
[EventCountry "HUN"]
[SourceTitle "EXT 2000"]
[Source "ChessBase"]
[SourceDate "1999.11.16"]
[SourceVersion "1"]
[SourceVersionDate "1999.11.16"]
[SourceQuality "1"]

1. d4 d5 2. Nf3 Nf6 3. Bf4 Bf5 4. e3 e6 5. Nbd2 a6 6. c3 c5 7. Qa4+ Nbd7 8. Ne5 b5 9. Qb3 c4 10. Qd1 h6 11. Be2 Be7 12. 0-0 Nxe5 13. dxe5 Nd7 14. Nf3 Be4 15. Nd4 Qc7 16. Bg4 Nxe5 17. Bxe6 Bf6 18. Bf5 0-0 19. Bxe4 dxe4 20. Qc2 Qb7 21. Bxe5 Bxe5 22. Qe2 Bxd4 23. cxd4 Qd5 24. f3 Rae8 25. fxe4 Rxe4 26. Qf3 Qe6 27. Rf2 f6 28. Raf1 Rd8 29. Qg3 Rd5 30. Rxf6 Qg4 31. Qxg4 Rxg4 32. Rxa6 Re4 33. Ra8+ Kh7 34. g3 Kg6 35. Ra5 Rxe3 36. Rf2 Re1+ 37. Kg2 Ra1 38. a3 h5 39. Ra6+ Kh7 40. Rb6 g6 41. h4 Kg7 42. Rb7+ Kg8 43. Rff7 Rd8 44. Rfc7 Re8 45. Rc5 Re6 1-0